000
00322nam a22001337a 4500
008
180828b xxu||||| |||| 00| 0 eng d
020
_a
2900697215931
041
_a
eng
080
_a
311
100
_a
55
101
_a
STA
245
_a
STATISTICS LEARNING IN THE PRESENCE OF VARIATION
_c
WARDROP.R.L
942
_2
udc
_c
BK
999
_c
47371
_d
47371